Ленин слънце е за нас (Запис номер 139674)
[ съкратено ]
| 000 -Лидер | |
|---|---|
| Контролно поле с фиксирана дължина | 01638nam a2200373 a 4500 |
| 003 - Код на организацията, давaща контролен номер | |
| Контролно поле | BLK |
| 005 - Дата и час на последна редакция | |
| Контролно поле | 20250330004155.0 |
| 008 - Елементи от данни с фиксирана дължина | |
| fixed length control field | 180409b bul|||||r ||||||| ||bul|| |
| 010 ## - Наследен системен номер | |
| LC control number | KNG00145724000 |
| 040 ## - Източник на каталожния запис | |
| Идентификатор на билиотеката - собственик на записа | BLK |
| 041 ## - Код за език | |
| Код за езика на текст/звукозапис или на отделно заглавие | Български |
| Код за езика КДБФ | Български |
| 080 ## - УДК | |
| Текстов определител УДК | Българска литература |
| УДК код - определител по УДК | 821.163.2 |
| УДК определител | -93-1 |
| УДК - код + определител | 821.163.2-93-1 |
| 100 ## - Редна дума - Автор | |
| Автор | Зидаров, Николай |
| Дати, свързани с автора | 1921-2007 |
| Пълна форма на името | Маринов, Николай Иванов |
| R(LIN) | 376528 |
| 139 ## - Редно поле | |
| Редна дума | Зидаров, Николай |
| Авторски знак | Зид - З 61 |
| 245 10 - Сведения за заглавието | |
| Заглавие | Ленин слънце е за нас |
| Подзаглавни данни | Поемка за деца : За нач. училищна възраст |
| Редно поле (дума) | Николай Зидаров; ил. Борислав Стоев; Николай Иванов Маринов. |
| 257 ## - Страна на издаване | |
| Страна на създаване/издаване | България |
| 260 ## - Област на издателските данни | |
| Име на издателя, разпространителя и проч. | Бълг. художник |
| Година на издаване | 1977 |
| Място на издаване, разпространение и проч. | София |
| 300 ## - Физическа характеристика | |
| Страници | 16 с. |
| Илюстрации и др. | с ил. |
| Размери/Мащаб | 28 см |
| 380 ## - Жанр | |
| Жанр | Детска худож. лит. |
| 500 ## - Общи забележки | |
| Забележка | Истинското име на авт. е Николай Иванов Маринов. - 60 120 тир. |
| 600 14 - Име на лице, използвано като предмет | |
| За него / За нея | Ленин, Владимир Илич |
| 9 (RLIN) | 364996 |
| 650 #4 - Допълнително описание по предмет – тема | |
| Основно описание – тема или топоним | Ленин, Владимир Илич - в художествената литература |
| 9 (RLIN) | 261912 |
| 653 ## - Ключова дума – ненормативна | |
| Ключова дума | детска литература |
| 653 ## - Ключова дума – ненормативна | |
| Ключова дума | литература за деца |
| 700 1# - Други автори (авторска отговорност) | |
| Лично име | Стоев, Борислав |
| Автороска отговорност (Описва отношението между автора и произведението) | ил. |
| 9 (RLIN) | 372214 |
| 700 1# - Други автори (авторска отговорност) | |
| Лично име | Маринов, Николай Иванов |
| Автороска отговорност (Описва отношението между автора и произведението) | * |
| 9 (RLIN) | 321007 |
| 852 ## - Местоположение | |
| Форматна сигнатура | Цб ІІ 18149 |
| 856 4# - Електронен адрес и достъп | |
| Електронен формат | pdf - файл |
| 856 4# - Електронен адрес и достъп | |
| Електронен формат | pdf - файл |
| 999 ## - СИСТЕМНИ КОНТРОЛНИ НОМЕРА | |
| Koha biblionumber | 139674 |
| Koha biblioitemnumber | 139674 |
| 942 ## - АРТИКУЛИ | |
| Вид на библиотечния материал | Книги |
| Скрит в OPAC | Не |
| Периодичен библиозапис | Да |
| 944 ## - СЪЗДАВАНЕ И РЕДАКЦИЯ на ЗАПИСА | |
| Създаване/Редакция | Създаване |
| Дата на регистрацията/редакция | 12.07.2013 |
| Статус, дата на статуса | CRON CRON |
| Служител, извършил регистрацията/редакцията | |
| 944 ## - СЪЗДАВАНЕ И РЕДАКЦИЯ на ЗАПИСА | |
| Създаване/Редакция | Редакция |
| Дата на регистрацията/редакция | 12.07.2013 |
| Статус, дата на статуса | 12.07.2013 - от С1,Р / 12.07.2013 |
| 999 ## - СИСТЕМНИ КОНТРОЛНИ НОМЕРА | |
| Koha biblioitemnumber | 139674 |
| Код за отписване | Код за изгубен артикул | Източник на класификационната схема | Код за повреда | Коз за рестрикции | Код за отдаване | Артикулен № | Име на библиотеката - собственик | Име на библиотеката, в която се намира в момента | Статус (Текущо местоположение) | Дата на вписване в системата | Местоположение - отдел | Цена в лева | Инвентарен номер | Систематично азбучна сигнатура | Баркод | Номер на екземпляра | Цена в евро | Служебна бележка | Служебен тип на артикула |
|---|---|---|---|---|---|---|---|---|---|---|---|---|---|---|---|---|---|---|---|
| Не е изгубен | Universal Decimal Classification | Не е повреден | само за читалня | ползва се в читалня | 228808 | Регионална библиотека "Любен Каравелов" Русе | Регионална библиотека "Любен Каравелов" Русе | Хранилище | 1977-01-01 | Хранилище | 0.29 | 245861 | Цб ІІ 18149 | 120000245861 | 1 | 0.15 | Дост: Dp Вид: Д N: стар фонд Дата: 01.01.1977 | Книги |